000 01955cam a22004694i 4500
003 PE-LiUPU
005 20250731173112.0
008 181217s2018 ilu r 001 0 eng
020 _a9780830851683
020 _a0830851682
035 _a(Sirsi) a251252
049 _aPRUA
082 0 4 _a222.1206
_bE92
_223
100 1 _aEstelle, Bryan D.,
_eautor.
245 1 0 _aEchoes of Exodus :
_btracing a biblical motif /
_cBryan D. Estelle.
264 1 _aDowners Grove :
_bIVP Academic,
_c2018.
300 _a392 páginas :
_bilustraciones ;
_c23 centímetros
336 _atext
_2rdacontent
337 _aunmediated
_2rdamedia
338 _avolume
_2rdacarrier
504 _aBibliografía: páginas 353-376.
504 _aÍndice : páginas 377-392.
505 0 _aHermeneutical foundations -- The past is prologue : creation and exodus -- The exodus motif : a paradigm of evocation -- The Psalms and the Exodus motif -- Isaiah's rhapsody -- Exile and post-exile: the second exodus revisited -- Jesus as the new exodus in Mark and Matthew -- The exodus motif in Luke-Acts -- The exodus motif in Paul -- The exodus motif in 1 Peter -- The exodus motif in Revelation: redemption, judgment, and inheritance -- Conclusion -- Appendix: Intertextuality.
526 _aSEG42
526 _aSEG41
526 _aSEG40
526 _aSEG39
526 _aP94
526 _aP87
526 _aP86
526 _aP85
526 _aP77
526 _aP76
526 _aP35
630 0 4 _aBiblia.
_pA.T.
_pÉxodo
_xEstudios comparativos.
910 _adbm
_bksl
_cksl
_d20190102
942 _2ddc
_cBOOK
994 _aC0
_bPEPRU
596 _a1
999 _a222.1206 E92
_wDEWEY
_c30676
_i79776
_f2021-11-9
_g4
_lCCODEBUL1
_mBUL
_p24.00
_r0
_sY
_tBOOK
_u2019-1-2
_xTEOLOGIA
_PP85
_0COMPRA
_1FCOMPR2
_o.STAFF. Colección Teología
_d30676
980 _81
_gALBERTO SANCHEZ Responsable de Automatización